000 00634nam a2200229Ia 4500
003 OSt
005 20220918192724.0
006 a|||||r|||| 00| 0
007 ta
008 220917b |||||||| |||| 00| 0 eng d
024 _a69,838
037 _cTextual
040 _aARTS
_cARTS
_beng
041 _2eng
_aeng
082 _aR325, K0;1
100 _aChisholm Roderick M ed
_978282
245 0 _aRealism and the background of phenomenology
260 _c1960
490 _aLibrary of philosophical movements ed by Paul Edwards
942 _hR325, K0;1
_cTEXL
_2CC
999 _c195967
_d195967